Wrongful conviction (Record no. 24371)
[ view plain ]
| 000 -LEADER | |
|---|---|
| fixed length control field | 01332nam a2200337Ia 4500 |
| 082 04 - DEWEY DECIMAL CLASSIFICATION NUMBER | |
| Classification number | 347/.012 |
| 245 00 - TITLE STATEMENT | |
| Title | Wrongful conviction |
| 260 ## - PUBLICATION, DISTRIBUTION, ETC. (IMPRINT) | |
| Place of publication | Philadelphia : |
| Name of publisher | Temple University Press, |
| Year of publication | 2008. |
| 300 ## - PHYSICAL DESCRIPTION | |
| Number of Pages | viii, 318 p. |
| 650 #0 - SUBJECT ADDED ENTRY--TOPICAL TERM | |
| Topical Term | Judicial error. |
| Topical Term | Justice, Administration of. |
| 700 1# - ADDED ENTRY--PERSONAL NAME | |
| Personal name | Huff, C. Ronald. |
| Personal name | Killias, Martin. |
| 856 40 - ELECTRONIC LOCATION AND ACCESS | |
| Uniform Resource Identifier | http://site.ebrary.com/lib/rucke/Doc?id=10267605 |
No items available.
